000 00663cam a2200193 a 4500
001 000017983
005 20200929165313.0
008 820428s1958 nyu r 001 0 eng d
040 _aDO-SdBNP
_bspa
_cBNPHU
082 _axxxx
_bB724a
100 1 _aBoorstin, Daniel J.
_q(Daniel Joseph),
_d1914-2004.
_931969
245 1 4 _aThe Americans :
_bthe colonial experience /
_cDaniel J. Boorstin.
260 _aNew York :
_bRandom House,
_c1958.
300 _a434 p. ;
_c24 cm.
490 1 _aThe americans
_v1
500 _aIncluye referencias bibliográficas, notas al pie de las páginas e índices
590 _aInventariado, 2019/BT
830 4 _aThe americans
_n1
_938987
999 _c17505
_d17505